Crisis de dominación y proyecto de modernización en Centroamérica /

Guardado en:
Bibliografiske detaljer
Hovedforfatter: Pérez B., Joaquín
Format: Texto
Fag:
Tags: Tilføj Tag
Ingen Tags, Vær først til at tagge denne postø!

MARC

LEADER 00000 a a2200000 04500
001 17977
003
040
100 |a Pérez B., Joaquín  
245 |a Crisis de dominación y proyecto de modernización en Centroamérica /  |c Joaquín Pérez B.  
650 |a CRISIS  
650 |a SEGURIDAD SOCIAL  
650 |a DEMOCRACIA  
650 |a AMERICA CENTRAL  
773 |g volumen 4, número 38; (1980) páginas 445-447  
999 |c 34353  |d 34353 
773 0 |0 42391  |9 3848  |a Agencia Latinoamericana de Información, ALAI  |d Quito, Ecuador: ALAI  |o 04480  |t ALAI:  |x 08275564 (Servicio mensual de información y documentación)